|
|
|
|
| LEADER |
00000cam a2200000 7i4500 |
| 001 |
0000023960 |
| 005 |
20111124.0 |
| 008 |
111124s njua eng |
| 020 |
|
|
|a 9780470398241 ,
|c RM329.35
|
| 040 |
|
|
|a INS
|
| 090 |
0 |
0 |
|a NA9053.I53
|b B46 2011
|
| 100 |
1 |
|
|a Berens, Carol
|
| 245 |
1 |
0 |
|a Redeveloping industrial sites :
|b a guide for architects,planners and developers
|c Carol Berens
|
| 260 |
|
|
|a Hoboken :
|b John Wiley & Sons ,
|c 2011
|
| 300 |
|
|
|a xiii, 285p. :
|b ill. ;
|c 24cm.
|
| 500 |
|
|
|a Includes index
|
| 504 |
|
|
|a Bibliography : p.273-274
|
| 650 |
|
0 |
|a City planning
|x Case studies
|
| 650 |
|
0 |
|a Industrial sites
|
| 999 |
|
|
|a 1000000527
|b BOOK
|c Open Shelf
|e Default branch
|